LEADER 01007nam--2200361---450- 001 990002757070203316 005 20060614133557.0 035 $a000275707 035 $aUSA01000275707 035 $a(ALEPH)000275707USA01 035 $a000275707 100 $a20060614d1966----km-y0itay0103----ba 101 0 $aita 102 $aIT 105 $a||||||||001yy 200 1 $aCorso di diritto commerciale$etitoli di credito e in particolare cambiale e titoli bancari di pagamento$fAlberto Asquini 205 $aRistampa riveduta 210 $aPadova$cCEDAM$d1966 215 $aXX, 447 p.$d24 cm 410 0$12001 454 1$12001 461 1$1001-------$12001 606 0 $aTitoli di credito 676 $a332 700 1$aASQUINI,$bAlberto$0224675 801 0$aIT$bsalbc$gISBD 912 $a990002757070203316 951 $aP07 98$bDISTRA 959 $aBK 969 $aDISTRA 979 $aDISTRA1$b90$c20060614$lUSA01$h1335 996 $aCorso di diritto commerciale$9584461 997 $aUNISA